| 000 | 00581nam a22001937a 4500 | ||
|---|---|---|---|
| 003 | OSt | ||
| 005 | 20151203175103.0 | ||
| 008 | 151203b xxu||||| |||| 00| 0 eng d | ||
| 020 | _a1853466239 | ||
| 040 | _cDDC. | ||
| 082 | _a373 FLE 2000. | ||
| 100 |
_aFleming ,Peter. _96490 |
||
| 245 |
_aThe Art of Middle Management in Secondary School. _bThe Guide to effective Subject and team leadership. |
||
| 260 |
_aLondon. _bDavid Fulton Publishers. _c2000. |
||
| 300 |
_avii,168p; _bill; _c22cm |
||
| 504 | _aincludes index. | ||
| 650 |
_aMiddle Management. _96491 |
||
| 942 |
_2ddc _cSLOAN |
||
| 999 |
_c2814 _d2814 |
||